000 00366nam a2200145Ia 4500
008 230917s9999||||xx |||||||||||||| ||und||
040 _e62900
_aMAIN
041 _aEnglish
082 _a658.8 B693M
100 _aBoyd, Harper W, ed
245 0 _aMarketing management case book
260 _aillinois
_bRichard D Irwin
_c1976
300 _aix, 710 p.
942 _cBK
999 _c169623
_d169623